28 - Zach Bryan - Lyric Quiz - Statistics

General Stats
  • This quiz has been taken 721 times
  • The average score is 17 of 21
Answer Stats
Lyric % Correct
You took a train to the south side of {Boston}
97%
How {lucky} are we
93%
Took twenty-eight years of {blood} I was lost in
92%
You showed me where your old man {stayed}
92%
To feel loved on my own {birthday}
89%
Took {twenty} {eight} years of blood pumping through me
89%
When I was barely {fourteen}
85%
It's been a hell of a week, but you're all {grown} now
84%
And I always felt like I's {in} {between} something
81%
There's smoke seepin' out of your {bloody} teeth
81%
And I'll be upstairs with the {guitar} I's given
80%
But tonight on the west side in a bar out in {Brooklyn}
80%
Like {home} and somewhere far away
80%
I saw {tears} outline your face
78%
And maybe I lost all {hope} too
76%
And why are the crowds so damn {green}
75%
But you're home {somehow}
75%
When did McGlinchey's get so {crowded}
75%
To get to this {evening} with you
68%
You showed me where your whole {heart} stayed
68%
I lost my mind on the {streets} of the city
63%
No matching quizzes found
Score Distribution
Percent of People with Each Score
Percentile by Number Answered
Your Score History
You have not taken this quiz